书目信息 |
| 题名: |
传质与分离工程
|
|
| 作者: | 伍钦 , 伍钦等 编著 | |
| 分册: | ||
| 出版信息: | 广州 华南理工大学出版社 2005.02 |
|
| 页数: | 365页 | |
| 开本: | 26cm | |
| 丛书名: | 21世纪高等院校课程教材 | |
| 单 册: | ||
| 中图分类: | TQ02 | |
| 科图分类: | ||
| 主题词: | 传质--zhuan zhi--化工过程 , 分离--fen li--化工过程 | |
| 电子资源: | ||
| ISBN: | 7-5623-2193-0 | |
| 000 | 00857nam 2200265 450 | |
| 001 | CAL 012005043841 | |
| 005 | 20060427101132.10 | |
| 010 | @a7-5623-2193-0@dCNY 36.00 | |
| 099 | @aCAL 012005043841 | |
| 100 | @a20050422d2005 em y0chiy0121 ea | |
| 101 | 0 | @achi |
| 102 | @aCN@b440000 | |
| 200 | 1 | @a传质与分离工程@Azhuan zhi yu fen li gong cheng@f伍钦[等] 编著@Fwu qin[deng]bian zhu |
| 210 | @a广州@c华南理工大学出版社@d2005.02 | |
| 215 | @a365页@c图@d26cm | |
| 225 | 2 | @a21世纪高等院校课程教材@A21 shi ji gao deng yuan xiao ke cheng jiao cai |
| 320 | @a有书目 (第365页) | |
| 410 | 0 | @12001 @a21世纪高等院校课程教材 |
| 606 | 0 | @a传质@Azhuan zhi@x化工过程 |
| 606 | 0 | @a分离@Afen li@x化工过程 |
| 690 | @aTQ02@v4 | |
| 701 | 0 | @a伍钦@Awu qin@4编著 |
| 701 | 0 | @a伍钦等@Awu qin deng@4编著 |
| 801 | 0 | @aCN@bSJT@c20060427 |
| 905 | @a10447@dTQ02@eW941 | |
| 传质与分离工程/伍钦[等] 编著.-广州:华南理工大学出版社,2005.02 |
| 365页:图;26cm.-(21世纪高等院校课程教材) |
| ISBN 7-5623-2193-0:CNY 36.00 |
| ● |
| 相关链接 |
|
|
|
正题名:传质与分离工程
索取号:TQ02/W941
 
预约/预借
| 序号 | 登录号 | 条形码 | 馆藏地/架位号 | 状态 | 备注 |
| 1 | 601930 | 206019306 | 自科库501/501自科库 137排6列4层/ [索取号:TQ02/W941] | 在馆 | |
| 2 | 601931 | 206019315 | 自科库501/501自科库 137排6列4层/ [索取号:TQ02/W941] | 在馆 |